000 00612nja a2200193 a 4500
003 BLK
005 20180421003259.0
008 180414c bul|r|ner|||| 00| c0bul d
010 _aNOT00000692003
040 _aBLK
700 1 _aНовиков, Анатоли
_eобраб.
_9361731
245 1 0 _aОй, да ты, калинушка
_bРусская нар. песня
_cобраб. Анатоли Новиков.
257 _aRUS
380 _a7
773 _0297638
_9648575
_tСлушание музыки в начальном школе
852 _aЦб М ІІ 1614
942 _cNOT
_n0
944 _aCR
_c25.08.2004
_k
944 _aED
_c09.11.2005
_k
999 _c297641
_d297641